Normal view
MARC view
- Muir, Edwin,
Entry Personal Name
001 - CONTROL NUMBER
- control field: 99060
003 - CONTROL NUMBER IDENTIFIER
- control field: NUST
005 - DATE AND TIME OF LATEST TRANSACTION
- control field: 20220929120357.0
008 - FIXED-LENGTH DATA ELEMENTS
- fixed length control field: 220929|| aca||aabn | a|a d
040 ## - CATALOGING SOURCE
- Original cataloging agency: NUST
- Transcribing agency: NUST
100 ## - HEADING--PERSONAL NAME
- Personal name: Muir, Edwin,
- Dates associated with a name: 1887-1959
670 ## - SOURCE DATA FOUND
- Source citation: Work cat.: (NUST)233029: Kafka, Franz, 1883-1924. 7186, A Man Who Disappeared (Amerika) /, 1996.
